Christopher Magrath v Parkside Hotels Limited (Record no. 83083)

MARC details
000 -LEADER
fixed length control field 01270cad a22002175a 4500
001 - CONTROL NUMBER
control field L152773
008 - FIXED-LENGTH DATA ELEMENTS--GENERAL INFORMATION
fixed length control field 110420e20110203xxk 000 0 eng d
035 ## - SYSTEM CONTROL NUMBER
System control number (Sirsi) u152773
041 0# - LANGUAGE CODE
Language code of text/sound track or separate title eng
245 00 - TITLE STATEMENT
Title Christopher Magrath v Parkside Hotels Limited
260 ## - PUBLICATION, DISTRIBUTION, ETC.
Date of publication, distribution, etc. 2011
520 ## - SUMMARY, ETC.
Summary, etc. [2011] EWHC 143 (Ch), 3 February 2011. Highlights that a right of way easement granted many years ago may have been invalidated by the rule against perpetuities. Claimant (M) owned a house which used the same fire escape route as a neighbouring hotel owned by defendant (P). M applied for a declaration that the 1947 fire escape easement was void and unenforceable because the right to renew, erect and use new staircases creating new access points after 1947 fell foul of the rule of perpetuities. "Held": HC agreed with M that the easement was nullified by the rule against perpetuities.
590 ## - LOCAL NOTE (RLIN)
Local note KA
650 24 - SUBJECT ADDED ENTRY--TOPICAL TERM
Topical term or geographic name entry element MAGRATH V PARKSIDE HOTELS LTD
650 24 - SUBJECT ADDED ENTRY--TOPICAL TERM
Topical term or geographic name entry element LAW OF PROPERTY (MISCELLANEOUS PROVISIONS) ACT 1989 S2
650 24 - SUBJECT ADDED ENTRY--TOPICAL TERM
Topical term or geographic name entry element RULE AGAINST PERPETUITIES
651 #4 - SUBJECT ADDED ENTRY--GEOGRAPHIC NAME
Geographic name England and Wales
Chronological subdivision 1543-
690 ## - LOCAL SUBJECT ADDED ENTRY--TOPICAL TERM (OCLC, RLIN)
Topical term or geographic name as entry element Boundary disputes
9 (RLIN) 6221
856 40 - ELECTRONIC LOCATION AND ACCESS
Uniform Resource Identifier <a href="https://www.bailii.org/ew/cases/EWHC/Ch/2011/143.html">https://www.bailii.org/ew/cases/EWHC/Ch/2011/143.html</a>
Public note View the law report free of charge at www.bailii.org
942 ## - ADDED ENTRY ELEMENTS (KOHA)
Suppress in OPAC 0
Holdings
Withdrawn status Lost status Source of classification or shelving scheme Damaged status Not for loan Home library Current library Shelving location Date acquired Total Checkouts Full call number Barcode Date last seen Copy number Price effective from Koha item type
    Dewey Decimal Classification     Virtual Virtual Online 20/04/2011   ONLINE PUBLICATION 152773-2001 06/08/2019 1 06/08/2019 Law report